000 01228cam a2200253 4500
001 ABS65888
008 020816n2002 000 0 eng u
035 _a(Sirsi) u119353
245 _aArrive via training
260 _c2002
490 _aEstates Gazette
_v(0228) 13 July 2002, 118-119(2)
520 _aExamines the rise of a culture of lifelong learning within the surveying profession and, in particular, the initiatives undertaken by RICS in education and training. Illustrates what RICS is doing to promote the surveying profession and continuing professional development (CPD), such as introducing business skills for surveyors and emphasising the contribution property makes to business. Discusses the advantages of CPD and training to both surveyors and employers. Also see ABS60570 for qualifying activities and ABS62867 for structured CPD training.
590 _aABS
650 _aSURVEYING PROFESSION
650 _aSURVEYORS
650 _aCAREERS, EDUCATION AND TRAINING
650 _aCAREERS, EDUCATION AND TRAINING
650 _aCONTINUING PROFESSIONAL DEVELOPMENT
650 _aCPD
650 _aSTUDENTS
650 _aBUSINESS SKILLS
690 _aTRAINING AND CAREER DEVELOPMENT
942 _n0
999 _c70967
_d70967